Statistics for Fast Typing 1-33

Click here to take the quiz!

General Stats

  • This quiz has been taken 9 times
  • The average score is 27 of 33

Answer Stats

Answer% Correct
1
100%
10
100%
11
100%
13
100%
14
100%
16
100%
17
100%
18
100%
19
100%
2
100%
20
100%
3
100%
4
100%
5
100%
6
100%
7
100%
8
100%
9
100%
12
100%
15
67%
21
67%
22
67%
23
67%
24
67%
25
67%
26
67%
27
67%
28
67%
29
67%
30
33%
31
33%
32
33%
33
33%

Score Distribution

Percentile by Number Answered

Percent of People with Each Score

Your Score History

You have not taken this quiz